| 000 | 00992cam a2200265 4500 | ||
|---|---|---|---|
| 001 | ABS62600 | ||
| 008 | 000000n2000 000 0 eng u | ||
| 035 | _a(Sirsi) u107333 | ||
| 100 | _aBlake, L. | ||
| 245 | _aWhether interest can lead to bias | ||
| 260 | _c2000 | ||
| 490 |
_aEstates Gazette _v(0025) 24 June 2000, 136-137(2) |
||
| 520 | _aMainly for students article which discusses, with reference to case law, the issue of any real danger of inadvertent bias on the part of the decision maker, either as an arbitrator or a senior judge. | ||
| 590 | _aABS | ||
| 650 | _aBIAS | ||
| 650 | _aNON DISCLOSURE OF INTERESTS | ||
| 650 | _aARBITRATORS | ||
| 650 | _aCONFLICT OF INTEREST | ||
| 650 | _aLITIGATION | ||
| 650 | _aR V BOW STREET METROPOLITAN STIPENDIARY MAGISTRATE EX P PINOCHET UGARTE | ||
| 650 | _aHALIFAX BUILDING SOCIETY V RICHARD GROSSE & CO | ||
| 650 | _aAT AND T CORPORATION AND ANOTHER V SAUDI CABLE CO | ||
| 690 |
_aDispute resolution _96236 |
||
| 942 | _n0 | ||
| 999 |
_c64172 _d64172 |
||